00335nam a22001097a 4500020001400000040000900014082002900023100002600052245005100078260004500129650005100174 a997151270 cnust 23rd Editiona610.28bMED aEditor,Webster.G John aMedical Instrumentation application and Design aNew York:bJohn Wiley & Sons inc,c2003. aMedical Instrumentation application and Design